000
00300nam a22001337a 4500
008
260105b ||||| |||| 00| 0 eng d
020
_a
9789951581394
041
_a
eng
080
_a
004.2
100
_a
24
101
_a
rad
245
_a
Radio nga valet ne rrjet
_c
Gjylie Rexha
942
_2
lcc
_c
BK
999
_c
60746
_d
60746